| 000 | 00637nam a2200229 a 4500 | ||
|---|---|---|---|
| 001 | 51682 | ||
| 003 | BD-RjUL | ||
| 005 | 20211209075711.0 | ||
| 008 | 160901m19301903enk 001 0 eng d | ||
| 035 | _a(BD-RjUL)51802 | ||
| 040 |
_aIQU _cIQU _dOCL _dBD-RjUL _beng |
||
| 041 | _aeng | ||
| 082 |
_223 _a510 _bBAP 1930 |
||
| 100 | 1 |
_aBall, W. W. Rouse _9154503 |
|
| 245 | 1 | 2 |
_aA primer of the history of mathematics / _cby W. W. Rouse Ball |
| 250 | _a2d ed. | ||
| 260 |
_aLondon : _bMacmillan, _c1903 [Reprinted 1930]. |
||
| 300 |
_aiv, 162 p. ; _c18 cm. |
||
| 500 | _aIncludes index. | ||
| 650 | 0 |
_aMathematics _9123612 |
|
| 942 |
_2ddc _cBK |
||
| 999 |
_c51682 _d51682 |
||